| 000 | 01263nam a2200313 a 4500 | ||
|---|---|---|---|
| 001 | ebr10005574 | ||
| 003 | CaPaEBR | ||
| 006 | m u | ||
| 007 | cr cn||||||||| | ||
| 008 | 010404s2001 ctua sb 001 0 eng | ||
| 010 | _z 2001035115 | ||
| 020 | _z0897898257 (alk. paper) | ||
| 040 |
_aCaPaEBR _cCaPaEBR |
||
| 035 | _a(OCoLC)70763258 | ||
| 050 | 1 | 4 |
_aGV1700.7 _b.D65 2001eb |
| 082 | 0 | 4 |
_a306.4/84 _221 |
| 100 | 1 | _aDoi, Mary Masayo. | |
| 245 | 1 | 0 |
_aGesture, gender, nation _h[electronic resource] : _bdance and social change in Uzbekistan / _cMary Masayo Doi. |
| 260 |
_aWestport, Conn. : _bBergin & Garvey, _c2001. |
||
| 300 |
_axii, 151 p. : _bill. |
||
| 504 | _aIncludes bibliographical references and index. | ||
| 533 |
_aElectronic reproduction. _bPalo Alto, Calif. : _cebrary, _d2013. _nAvailable via World Wide Web. _nAccess may be limited to ebrary affiliated libraries. |
||
| 650 | 0 |
_aDance _xSocial aspects _zUzbekistan. |
|
| 650 | 0 |
_aWomen _zUzbekistan _xSocial conditions. |
|
| 651 | 0 |
_aUzbekistan _xSocial conditions _y20th century. |
|
| 655 | 7 |
_aElectronic books. _2local |
|
| 710 | 2 | _aebrary, Inc. | |
| 856 | 4 | 0 |
_uhttp://site.ebrary.com/lib/rucke/Doc?id=10005574 _zAn electronic book accessible through the World Wide Web; click to view |
| 999 |
_c3318 _d3318 |
||